000 00520nam a2200145Ia 4500
008 230917s9999||||xx |||||||||||||| ||und||
040 _e64281
_aMAIN
041 _aEnglish
082 _a515.35 A37N
100 _aAziz, A K, ed.
245 0 _aNumerical solutions of boundary value problems for ordinary differential equations; Proceedings of a symposium held at the University of Maryland, Baltimore Country Campus, June 10-12, 1974
260 _aNew York
_bAcademic Press
_c1975
300 _aix, 370 p.
942 _cBK
999 _c172514
_d172514